[Event "Florianopolis op 11th"]
[Site "Florianopolis"]
[Date "2025.01.24"]
[Round "8"]
[White "Ribeiro, Regina"]
[Black "Espindola, Carlos Marcelo"]
[Result "1/2-1/2"]
[WhiteElo "1899"]
[BlackElo "1653"]
[PlyCount "36"]
[EventDate "2025.01.18"]
[EventType "swiss"]
[EventRounds "10"]
[EventCountry "BRA"]
[SourceTitle "CB05_2025"]
[SourceDate "2025.01.29"]
[SourceVersion "1"]
[SourceVersionDate "2025.01.29"]
[SourceQuality "1"]

1. Nf3 d5 2. b3 Nf6 3. Bb2 e6 4. e3 Be7 5. c4 c6 6. d4 0-0 7. Nc3 Nbd7 8. Qc2 Nb6 9. Bd3 h6 10. c5 Nbd7 11. b4 Re8 12. 0-0 Bf8 13. Ne5 Nxe5 14. dxe5 Nd7 15. f4 b6 16. Na4 bxc5 17. bxc5 Rb8 18. Rab1 Bb7 1/2-1/2

[Event "Florianopolis op 11th"]
[Site "Florianopolis"]
[Date "2025.01.23"]
[Round "7"]
[White "Espindola, Carlos Marcelo"]
[Black "Galeano Rolin, Mateo Josias"]
[Result "1-0"]
[WhiteElo "1653"]
[BlackElo "1412"]
[PlyCount "26"]
[EventDate "2025.01.18"]
[EventType "swiss"]
[EventRounds "10"]
[EventCountry "BRA"]
[SourceTitle "CB05_2025"]
[SourceDate "2025.01.29"]
[SourceVersion "1"]
[SourceVersionDate "2025.01.29"]
[SourceQuality "1"]

1. Nf3 d5 2. e3 Nf6 3. Be2 Bf5 4. 0-0 Qd7 5. Re1 Bh3 6. Bf1 h6 7. d4 Bf5 8. c4 c6 9. Nc3 e6 10. cxd5 exd5 11. Ne5 Qe6 12. e4 dxe4 13. Nxe4 Bxe4 1-0

[Event "Florianopolis op 11th"]
[Site "Florianopolis"]
[Date "2025.01.22"]
[Round "6"]
[White "Kobayashi, Erica"]
[Black "Espindola, Carlos Marcelo"]
[Result "1/2-1/2"]
[WhiteElo "1997"]
[BlackElo "1653"]
[PlyCount "72"]
[EventDate "2025.01.18"]
[EventType "swiss"]
[EventRounds "10"]
[EventCountry "BRA"]
[SourceTitle "CB05_2025"]
[SourceDate "2025.01.29"]
[SourceVersion "1"]
[SourceVersionDate "2025.01.29"]
[SourceQuality "1"]

1. e4 c5 2. Nf3 g6 3. c3 Bg7 4. d4 cxd4 5. cxd4 d5 6. e5 Bg4 7. Be2 Nc6 8. Nc3 Nh6 9. h3 Bxf3 10. Bxf3 Nf5 11. Be3 Nxe3 12. fxe3 e6 13. 0-0 a6 14. Na4 0-0 15. Nc5 Qe7 16. Rc1 Rac8 17. Bg4 Na5 18. b3 Bxe5 19. Nxe6 fxe6 20. dxe5 Rxf1+ 21. Qxf1 Rf8 22. Qd3 Nc6 23. Qc3 h5 24. Be2 Qg7 25. Bxa6 Nxe5 26. Bxb7 Rb8 27. Qc7 Rxb7 28. Qc8+ Kh7 29. Qxe6 Nd3 30. Rf1 Nb4 31. Rf2 Re7 32. Qd6 Nd3 33. Rd2 Rd7 34. Qe6 Qa1+ 35. Kh2 Qe5+ 36. Qxe5 Nxe5 1/2-1/2

[Event "Manaus op"]
[Site "Manaus"]
[Date "2024.10.15"]
[Round "7"]
[White "Espindola, Carlos Marcelo"]
[Black "Leao, Flavio Sanchez"]
[Result "1/2-1/2"]
[WhiteElo "1636"]
[BlackElo "1819"]
[PlyCount "69"]
[EventDate "2024.10.11"]
[EventType "swiss"]
[EventRounds "9"]
[EventCountry "BRA"]
[SourceTitle "CB43_2024"]
[Source "Chessbase"]
[SourceDate "2024.10.23"]
[SourceVersion "1"]
[SourceVersionDate "2024.10.23"]
[SourceQuality "1"]

1. d4 Nf6 2. Nf3 d5 3. Bf4 e6 4. c3 c5 5. e3 Nc6 6. Nbd2 Nh5 7. Bg5 Be7 8. Bxe7 Qxe7 9. Bb5 Nf6 10. Ne5 Bd7 11. Nxd7 Nxd7 12. Qa4 Qd6 13. Nf3 Nb6 14. Qa3 Nd7 15. 0-0 0-0 16. Rfd1 Qc7 17. dxc5 Nce5 18. Nxe5 Nxe5 19. Be2 Rfc8 20. b4 a5 21. Qb2 b6 22. cxb6 Qxb6 23. a3 Nc4 24. Bxc4 Rxc4 25. Rd4 Rac8 26. Rxc4 Rxc4 27. Rd1 Qc7 28. Rd3 a4 29. Qc2 Qc6 30. Qd2 h6 31. h3 Qb5 32. Rd4 Qc6 33. Rd3 Qb5 34. Qd1 Qc6 35. Qd2 1/2-1/2

[Event "Manaus op"]
[Site "Manaus"]
[Date "2024.10.14"]
[Round "6"]
[White "Da Silva, Nayron Igor Tomaz"]
[Black "Espindola, Carlos Marcelo"]
[Result "0-1"]
[WhiteElo "1759"]
[BlackElo "1636"]
[PlyCount "74"]
[EventDate "2024.10.11"]
[EventType "swiss"]
[EventRounds "9"]
[EventCountry "BRA"]
[SourceTitle "CB43_2024"]
[Source "Chessbase"]
[SourceDate "2024.10.23"]
[SourceVersion "1"]
[SourceVersionDate "2024.10.23"]
[SourceQuality "1"]

1. d4 Nf6 2. Nf3 d5 3. Bg5 e6 4. Nbd2 Be7 5. e3 Nbd7 6. Bd3 h6 7. Bh4 c5 8. c3 0-0 9. Ne5 Nxe5 10. dxe5 Nd7 11. Bg3 c4 12. Bb1 b5 13. Qc2 g6 14. Nf3 b4 15. h4 h5 16. Nd4 Bb7 17. Bf4 bxc3 18. bxc3 Nc5 19. g4 Nd3+ 20. Kf1 Bxh4 21. Bg3 Bxg3 22. fxg3 Qg5 23. Qe2 Nxe5 24. Nf3 Nxf3 25. Qxf3 Qxg4 26. Qxg4 hxg4 27. Rh4 f5 28. Bc2 Kg7 29. Rb1 Bc6 30. Kf2 Rh8 31. Rb4 Rxh4 32. gxh4 Kf6 33. Ba4 Bxa4 34. Rxa4 a5 35. Kg3 Ke5 36. Kf2 Ke4 37. Ke2 Ra7 0-1

[Event "Caioba op 8th"]
[Site "Caioba"]
[Date "2024.06.25"]
[Round "3"]
[White "Cardoso, Maria Paula Da Silv"]
[Black "Espindola, Carlos Marcelo"]
[Result "1-0"]
[WhiteElo "1888"]
[BlackElo "1654"]
[PlyCount "29"]
[EventDate "2024.06.23"]
[EventType "swiss"]
[EventRounds "9"]
[EventCountry "BRA"]
[SourceTitle "CBM 220 Extra"]
[Source "ChessBase"]
[SourceDate "2024.07.31"]
[SourceVersion "1"]
[SourceVersionDate "2024.07.31"]
[SourceQuality "1"]

1. e4 c5 2. Nf3 g6 3. c3 Bg7 4. d4 cxd4 5. cxd4 d5 6. e5 Nc6 7. Nc3 Nh6 8. h3 Nf5 9. g4 Nh6 10. Bf4 0-0 11. Qd2 Nxg4 12. hxg4 Bxg4 13. Be2 Rc8 14. Bh6 Bxf3 15. Bxf3 1-0

[Event "Florianopolis op 10th"]
[Site "Florianopolis"]
[Date "2024.01.25"]
[Round "7"]
[White "Espindola, Carlos Marcelo"]
[Black "Telles, Arnoldo Beber"]
[Result "1/2-1/2"]
[WhiteElo "1434"]
[BlackElo "1116"]
[PlyCount "116"]
[EventDate "2024.01.20"]
[EventType "swiss"]
[EventRounds "10"]
[EventCountry "BRA"]
[SourceTitle "CBM 218 Extra"]
[Source "ChessBase"]
[SourceDate "2024.03.31"]
[SourceVersion "1"]
[SourceVersionDate "2024.03.31"]
[SourceQuality "1"]

1. d4 d5 2. Nf3 Nf6 3. Bf4 Bf5 4. e3 e6 5. Nc3 a6 6. Be2 Be7 7. h3 h6 8. 0-0 0-0 9. Re1 Nc6 10. a3 Bg6 11. Nh4 Bh7 12. Nf3 Re8 13. Bf1 Bf8 14. Ne5 Nxe5 15. Bxe5 Bd6 16. Bxd6 Qxd6 17. Bd3 c6 18. Bxh7+ Nxh7 19. Ne2 e5 20. Ng3 e4 21. Nf5 Qf6 22. Qg4 Kf8 23. Rac1 b5 24. Ng3 Qg5 25. Qd7 Rec8 26. Qd6+ Qe7 27. Qxe7+ Kxe7 28. Nf5+ Kf8 29. Kf1 Ng5 30. Ke2 Rc7 31. Kd2 h5 32. c3 g6 33. Ng3 Ne6 34. Ne2 c5 35. Ng3 Nd8 36. Ne2 Nc6 37. Nf4 Rd8 38. Ke2 c4 39. f3 exf3+ 40. Kxf3 Rd6 41. e4 dxe4+ 42. Rxe4 Ne7 43. Rce1 Rcd7 44. Re5 Nc6 45. Re8+ Kg7 46. Ra8 Rd8 47. Rxd8 Rxd8 48. Re4 Kf6 49. Ne2 Ne7 50. Ng3 Rd7 51. Rf4+ Kg7 52. Re4 Nd5 53. Re8 Nf6 54. Re5 Rd6 55. Ne4 Nxe4 56. Rxe4 f5 57. Re5 Kf6 58. Kf4 g5+ 1/2-1/2

[Event "Florianopolis op 10th"]
[Site "Florianopolis"]
[Date "2024.01.20"]
[Round "1"]
[White "Espindola, Carlos Marcelo"]
[Black "Bastos Seixas, Pedro Lucas"]
[Result "0-1"]
[WhiteElo "1434"]
[BlackElo "2049"]
[PlyCount "48"]
[EventDate "2024.01.20"]
[EventType "swiss"]
[EventRounds "10"]
[EventCountry "BRA"]
[SourceTitle "CBM 218 Extra"]
[Source "ChessBase"]
[SourceDate "2024.03.31"]
[SourceVersion "1"]
[SourceVersionDate "2024.03.31"]
[SourceQuality "1"]

1. d4 d5 2. Nf3 Nf6 3. Bf4 c5 4. e3 Nc6 5. Nbd2 Bg4 6. c3 Qb6 7. Qb3 c4 8. Qxb6 axb6 9. h3 Bf5 10. Be2 b5 11. 0-0 b4 12. Nh4 Bd7 13. Nhf3 e6 14. Ne5 b5 15. Nxd7 Kxd7 16. Nf3 bxc3 17. bxc3 Ne4 18. Rfc1 Ra3 19. Ng5 Nxc3 20. Rc2 f6 21. Nf3 Nb4 22. Rb2 Rxa2 23. Raxa2 Nbxa2 24. Kf1 Ba3 0-1

[Event "Caioba op 7th"]
[Site "Caioba"]
[Date "2023.06.18"]
[Round "1"]
[White "Luz, Arthur Nader"]
[Black "Espindola, Carlos Marcelo"]
[Result "1-0"]
[WhiteElo "2152"]
[BlackElo "1457"]
[PlyCount "49"]
[EventDate "2023.06.18"]
[EventType "swiss"]
[EventRounds "9"]
[EventCountry "BRA"]
[SourceTitle "CBM 214 Extra"]
[Source "ChessBase"]
[SourceDate "2023.07.31"]
[SourceVersion "1"]
[SourceVersionDate "2023.07.31"]
[SourceQuality "1"]

1. e4 e5 2. Nc3 Nf6 3. f4 d5 4. fxe5 Nxe4 5. Qf3 Nxc3 6. bxc3 Qh4+ 7. g3 Qe4+ 8. Qxe4 dxe4 9. Bb2 Nc6 10. c4 Nb4 11. Kd1 Bg4+ 12. Be2 Bd7 13. h4 Ba4 14. Rc1 Bd7 15. Nh3 Bc5 16. Ng5 Ba4 17. Rf1 0-0 18. a3 Na6 19. Bh5 g6 20. Bg4 h6 21. e6 hxg5 22. exf7+ Rxf7 23. Be6 Raf8 24. hxg5 Bd7 25. Rh1 1-0

[Event "Florianopolis op 8th"]
[Site "Florianopolis"]
[Date "2022.01.28"]
[Round "7"]
[White "Espindola, Carlos Marcelo"]
[Black "Toffoli, Vanessa"]
[Result "1-0"]
[WhiteElo "1441"]
[BlackElo "1013"]
[PlyCount "35"]
[EventDate "2022.01.24"]
[EventType "swiss"]
[EventRounds "10"]
[EventCountry "BRA"]
[SourceTitle "CBM 206 Extra"]
[Source "ChessBase"]
[SourceDate "2022.03.31"]
[SourceVersion "1"]
[SourceVersionDate "2022.03.31"]
[SourceQuality "1"]

1. Nf3 d5 2. g3 Nc6 3. Bg2 e5 4. d3 Nf6 5. 0-0 Be6 6. c4 dxc4 7. Qa4 Bd7 8. Qxc4 Bd6 9. Nc3 h6 10. Qb3 b6 11. Be3 Qe7 12. Rac1 e4 13. dxe4 0-0 14. e5 Bxe5 15. Nxe5 Qxe5 16. Bf4 Qe7 17. Nd5 Nxd5 18. Bxd5 1-0

[Event "Santa Catarina-ch 64th "]
[Site "Lages"]
[Date "2020.02.15"]
[Round "4"]
[White "Espindola, Carlos Marcelo"]
[Black "Nones, Vinicius Gabriel"]
[Result "1-0"]
[WhiteElo "1438"]
[BlackElo "1024"]
[PlyCount "83"]
[EventDate "2020.02.14"]
[EventType "swiss"]
[EventRounds "6"]
[EventCountry "BRA"]
[SourceTitle "CBM 195 Extra"]
[Source "ChessBase"]
[SourceDate "2020.05.31"]
[SourceVersion "1"]
[SourceVersionDate "2020.05.31"]
[SourceQuality "1"]

1. Nf3 c5 2. g3 g6 3. Bg2 Bg7 4. 0-0 e6 5. c4 Ne7 6. Nc3 0-0 7. d3 Nbc6 8. Bf4 a6 9. Qd2 Re8 10. Rab1 d6 11. b4 Nxb4 12. Na4 b6 13. a3 Nbc6 14. Nxb6 Rb8 15. Nxc8 Rxc8 16. Rb3 Qc7 17. Rfb1 Rb8 18. Ng5 Rxb3 19. Rxb3 Rb8 20. Qc2 Nd4 21. Rxb8+ Qxb8 22. Qd1 e5 23. Be3 Qb3 24. Qxb3 Nxb3 25. Ne4 Nc8 26. Nc3 e4 27. Nxe4 Bb2 28. a4 Be5 29. Nd2 Nxd2 30. Bxd2 Kg7 31. Bb7 Nb6 32. a5 Nd7 33. Bxa6 Nb8 34. Bb7 h5 35. h4 f6 36. a6 Nxa6 37. Bxa6 Kf7 38. Bb7 Ke7 39. Be4 f5 40. Bg5+ Kd7 41. Bd5 Kc7 42. Bf7 1-0

[Event "Santa Catarina-ch 64th "]
[Site "Lages"]
[Date "2020.02.14"]
[Round "1"]
[White "Starke, Bruno Orlando"]
[Black "Espindola, Carlos Marcelo"]
[Result "1-0"]
[WhiteElo "2182"]
[BlackElo "1438"]
[PlyCount "45"]
[EventDate "2020.02.14"]
[EventType "swiss"]
[EventRounds "6"]
[EventCountry "BRA"]
[SourceTitle "CBM 195 Extra"]
[Source "ChessBase"]
[SourceDate "2020.05.31"]
[SourceVersion "1"]
[SourceVersionDate "2020.05.31"]
[SourceQuality "1"]

1. e4 e5 2. Nf3 Nf6 3. d4 exd4 4. e5 Bb4+ 5. c3 dxc3 6. bxc3 Be7 7. exf6 Bxf6 8. Bc4 0-0 9. 0-0 d6 10. Re1 Bf5 11. Bb2 Nc6 12. Nbd2 Bg4 13. h3 Bh5 14. Nf1 Ne5 15. Be2 Re8 16. Nxe5 Bxe2 17. Rxe2 Bxe5 18. Qd2 Qd7 19. Rae1 h6 20. c4 Bxb2 21. Qxb2 Rxe2 22. Rxe2 Qc6 23. Qb3 1-0

[Event "Caioba Copel op 5th"]
[Site "Caioba"]
[Date "2019.08.16"]
[Round "3"]
[White "Espindola, Carlos Marcelo"]
[Black "Rodrigues Mota, Romulo Cardoso S"]
[Result "1-0"]
[WhiteElo "1423"]
[BlackElo "1704"]
[PlyCount "93"]
[EventDate "2019.08.15"]
[EventType "swiss"]
[EventRounds "6"]
[EventCountry "BRA"]
[SourceTitle "EXT 2020"]
[Source "ChessBase"]
[SourceDate "2019.10.17"]
[SourceVersion "1"]
[SourceVersionDate "2019.10.17"]
[SourceQuality "1"]

1. Nf3 Nf6 2. g3 e6 3. Bg2 d5 4. 0-0 Be7 5. c4 0-0 6. cxd5 exd5 7. Nc3 b6 8. d4 Bb7 9. Bf4 Ne4 10. Nb5 Na6 11. Rc1 c6 12. Nc3 Rc8 13. Ne5 f6 14. Nf3 c5 15. Bh3 f5 16. Bg2 Bf6 17. Nb5 Bc6 18. Nxa7 Rc7 19. Bxc7 Qxc7 20. Nxc6 Qxc6 21. dxc5 bxc5 22. Qc2 Nb4 23. Qb3 Rb8 24. a3 Na6 25. Qe3 g5 26. b4 g4 27. Nd4 Qd7 28. Bxe4 dxe4 29. Qb3+ Kh8 30. Nc2 h5 31. Rfd1 Qe7 32. Qd5 Bg5 33. Rb1 e3 34. fxe3 Bxe3+ 35. Nxe3 Qxe3+ 36. Kh1 Rf8 37. Qd6 Qe4+ 38. Kg1 Re8 39. Qf6+ Kg8 40. Qg6+ Kf8 41. Qf6+ Kg8 42. Rf1 f4 43. Qxf4 Qxf4 44. gxf4 Re3 45. b5 Nb8 46. Rbd1 Re8 47. Rd6 1-0

[Event "Sao Bento do Sul op 07"]
[Site "Sao Bento do Sul"]
[Date "2019.07.12"]
[Round "2"]
[White "Campagnolo, Fabiola"]
[Black "Espindola, Carlos Marcelo"]
[Result "1-0"]
[WhiteElo "1765"]
[BlackElo "1419"]
[PlyCount "33"]
[EventDate "2019.07.12"]
[EventType "swiss"]
[EventRounds "7"]
[EventCountry "BRA"]
[SourceTitle "CBM 195 Extra"]
[Source "ChessBase"]
[SourceDate "2020.05.31"]
[SourceVersion "1"]
[SourceVersionDate "2020.05.31"]
[SourceQuality "1"]

1. e4 e5 2. Nf3 Nf6 3. Nc3 Nc6 4. d4 exd4 5. Nxd4 Bb4 6. f3 0-0 7. Bg5 h6 8. Be3 Re8 9. a3 Bxc3+ 10. bxc3 d5 11. Bb5 Bd7 12. 0-0 dxe4 13. fxe4 Nxe4 14. Qf3 Nxd4 15. Qxf7+ Kh8 16. Bxd4 Bxb5 17. Qxg7# 1-0

[Event "Concordia op 5th"]
[Site "Concordia"]
[Date "2019.05.04"]
[Round "7"]
[White "Espindola, Carlos Marcelo"]
[Black "Zottis, Ernani"]
[Result "0-1"]
[WhiteElo "1453"]
[BlackElo "1271"]
[PlyCount "32"]
[EventDate "2019.05.01"]
[EventType "swiss"]
[EventRounds "9"]
[EventCountry "BRA"]
[SourceTitle "CBM 190 Extra"]
[Source "ChessBase"]
[SourceDate "2019.07.15"]
[SourceVersion "1"]
[SourceVersionDate "2019.07.15"]
[SourceQuality "1"]

1. Nf3 d5 2. g3 Nc6 3. Bg2 e5 4. 0-0 Bg4 5. c4 e4 6. Ne1 f5 7. cxd5 Qxd5 8. Nc3 Qd7 9. Bh1 Bc5 10. Ng2 Nd4 11. Nf4 g5 12. Nfd5 0-0-0 13. b4 Bf8 14. Rb1 Qe6 15. d3 Rxd5 16. Nxd5 Nxe2+ 0-1

[Event "Concordia op 5th"]
[Site "Concordia"]
[Date "2019.05.02"]
[Round "4"]
[White "Santa Cruz, Nestor"]
[Black "Espindola, Carlos Marcelo"]
[Result "1-0"]
[WhiteElo "1653"]
[BlackElo "1453"]
[PlyCount "51"]
[EventDate "2019.05.01"]
[EventType "swiss"]
[EventRounds "9"]
[EventCountry "BRA"]
[SourceTitle "CBM 190 Extra"]
[Source "ChessBase"]
[SourceDate "2019.07.15"]
[SourceVersion "1"]
[SourceVersionDate "2019.07.15"]
[SourceQuality "1"]

1. d4 Nf6 2. c4 e5 3. dxe5 Ng4 4. Nf3 Bc5 5. e3 Nc6 6. Be2 Ngxe5 7. Nc3 d6 8. 0-0 0-0 9. b3 a5 10. Bb2 Be6 11. Qc2 Nb4 12. Qd2 f6 13. a3 Nbc6 14. Nd4 Bd7 15. Nd5 Ne7 16. Nf4 Qe8 17. Nde6 Bxe6 18. Nxe6 Nf5 19. Nxf8 Qxf8 20. b4 Bb6 21. Bd3 Ne7 22. Bxe5 dxe5 23. Rad1 Nc6 24. c5 Ba7 25. Be4 axb4 26. axb4 1-0

[Event "Sao Bento do Sul op 08"]
[Site "Sao Bento do Sul"]
[Date "2018.08.25"]
[Round "4"]
[White "Carneiro, Paulo Irajara Borba"]
[Black "Espindola, Carlos Marcelo"]
[Result "1/2-1/2"]
[WhiteElo "1589"]
[BlackElo "1375"]
[PlyCount "52"]
[EventDate "2018.08.24"]
[EventType "swiss"]
[EventRounds "6"]
[EventCountry "BRA"]
[SourceTitle "EXT 2021"]
[Source "ChessBase"]
[SourceDate "2020.10.23"]
[SourceVersion "1"]
[SourceVersionDate "2020.10.23"]
[SourceQuality "1"]

1. e4 e5 2. Nf3 Nf6 3. Nc3 Nc6 4. d4 exd4 5. Nxd4 Bb4 6. Bd2 Nxd4 7. e5 Qe7 8. Bf4 Bxc3+ 9. bxc3 Nc6 10. Bb5 0-0 11. 0-0 Nxe5 12. Re1 d6 13. Qd4 Bd7 14. Bf1 Rfe8 15. Rad1 Bc6 16. Bg5 h6 17. Bh4 Qe6 18. f4 Qxa2 19. fxe5 dxe5 20. Rxe5 Rxe5 21. Qxe5 Qxc2 22. Re1 Re8 23. Qg3 Rxe1 24. Qxe1 Qe4 25. Qxe4 Nxe4 26. c4 Kf8 1/2-1/2